000 00255nam a22001097a 4500
008 170110b xxu||||| |||| 00| 0 eng d
020 _a9781933107479
041 _aeng
080 _23RD
_a618.2
245 _aNUTRITION FOR NURSING
_cPLATT, D
942 _2udc
_cBK
999 _c2646
_d2646